Most Common US Last Names Starting With C - Statistics

General Stats
  • This quiz has been taken 780 times
  • The average score is 13 of 42
Answer Stats
# name % Correct
362,548 Carter
79%
65,719 Chan
62%
548,369 Clark
61%
187,793 Cole
58%
270,097 Cooper
58%
317,848 Collins
55%
113,892 Carr
53%
69,756 Chang
47%
105,544 Chen
42%
371,953 Campbell
41%
120,124 Carlson
41%
294,795 Cook
39%
208,624 Coleman
38%
62,335 Conner
35%
62,546 Clarke
34%
231,065 Cruz
32%
77,492 Cortez
30%
89,591 Craig
30%
98,958 Curtis
30%
185,865 Chavez
29%
64,815 Casey
28%
76,114 Chandler
28%
158,121 Crawford
28%
253,771 Cox
25%
124,614 Chapman
24%
127,073 Carpenter
23%
90,325 Chambers
21%
75,134 Cross
21%
87,226 Cohen
20%
76,707 Cummings
20%
67,923 Cannon
19%
131,020 Carroll
19%
63,739 Cobb
19%
131,896 Cunningham
18%
91,338 Caldwell
16%
133,254 Castro
15%
71,344 Curry
15%
165,473 Castillo
10%
71,144 Christensen
9%
69,950 Campos
8%
92,660 Contreras
5%
67,054 Carrillo
4%
No matching quizzes found
Score Distribution
Percent of People with Each Score
Percentile by Number Answered
Your Score History
You have not taken this quiz